[Event "AUTO-ELITE-2386"]
[Site "http://www.queenalice.com/game.php?id=1782043"]
[Date "2022.2.3"]
[Round "2"]
[White "pickles"]
[Black "Sexxy_Bunny"]
[Result "1/2-1/2"]
[WhiteElo "2589"]
[BlackElo "2811"]

1. d4 Nf6 2. c4 e6 3. Nc3 Bb4 4. Qc2 O-O 5. Nf3 c5 6. dxc5 Na6 7. g3 Nxc5 8. Bg2
Nce4 9. O-O Nxc3 10. bxc3 Be7 11. e4 d6 12. e5 dxe5 13. Nxe5 Qc7 14. Qe2 Bd6 15.
Bf4 Ne8 16. c5 Qxc5 17. c4 Qc7 18. c5 Qxc5 19. Rfc1 Qa5 20. Rab1 Qd8 21. Bxb7
Bxb7 22. Rxb7 Bxe5 23. Bxe5 Qd5 24. Rb5 Qd7 25. Rd1 Qc6 26. Rb4 Rc8 27. Bb2 h6
28. Rf4 f6 29. Rc1 Qd7 30. Rd1 Qc6 31. Ba3 e5 32. Bxf8 exf4 33. Ba3 Rb8 34. gxf4
Nc7 35. Rc1 Qd7 36. Qc4+ 1/2-1/2

[Event "AUTO-ELITE-2386"]
[Site "http://www.queenalice.com/game.php?id=1782044"]
[Date "2022.2.3"]
[Round "2"]
[White "Sexxy_Bunny"]
[Black "pickles"]
[Result "1-0"]
[WhiteElo "2817"]
[BlackElo "2593"]

1. e4 e5 2. Nf3 Nc6 3. Bb5 a6 4. Ba4 Nf6 5. O-O Be7 6. Re1 b5 7. Bb3 d6 8. c3
O-O 9. h3 Nb8 10. d4 Nbd7 11. Nbd2 Bb7 12. Bc2 Re8 13. Nf1 Bf8 14. Ng3 g6 15. a4
c5 16. d5 c4 17. Bg5 h6 18. Be3 Qc7 19. Qd2 Kh7 20. Nh2 h5 21. Nf3 Nc5 22. Nh4
Bg7 23. Rf1 Nb3 24. Bxb3 cxb3 25. Rfe1 bxa4 26. Rxa4 Reb8 27. Bg5 Bc8 28. Nhf5
gxf5 29. exf5 Bd7 30. Rh4 Rh8 31. Bxf6 Bxf6 32. Rxh5+ Kg7 33. Re4 Rag8 34. Rg4+
Kf8 35. Ne4 Qd8 36. Rh6 Rxg4 37. hxg4 Bg7 38. Rxh8+ Bxh8 39. Qh6+ Kg8 40. Qxd6
a5 41. f6 a4 42. g5 Qe8 43. c4 Bf5 44. Qe7 Qf8 45. Nc3 Qxe7 46. fxe7 Bd7 47. c5
f5 48. c6 Kf7 49. cxd7 Kxe7 50. Nxa4 Kxd7 51. Nc5+ Kd6 52. Nxb3 e4 53. Na5 Kxd5
54. b4 f4 55. g6 Be5 56. b5 Ke6 57. Nc6 Bc7 58. Nd4+ Kf6 59. g7 Kf7 60. Ne6 1-0

[Event "Challenge"]
[Site "http://www.queenalice.com/game.php?id=1785585"]
[Date "2022.3.24"]
[Round "-"]
[White "TheWatcher"]
[Black "pickles"]
[Result "0-1"]
[WhiteElo "2176"]
[BlackElo "2602"]

1. e4 c6 2. d4 d5 3. Nd2 dxe4 4. Nxe4 Bf5 5. Ng3 Bg6 6. f4 e6 7. h4 h5 8. Bc4
Nd7 9. Qe2 Be7 10. Nf3 Nh6 11. Ng5 Nf6 12. c3 O-O 13. Bd2 c5 14. Bd3 Nf5 15. Rh3
cxd4 16. Nxe6 fxe6 17. Qxe6+ Bf7 18. Qxf5 g6 19. Qe5 dxc3 20. Bxc3 Qxd3 21. Rd1
Qa6 22. Ne2 Rfe8 23. Rd2 Bd8 24. Qd4 Qxa2 25. Rhd3 Bb3 26. Kf1 Be7 27. g4 Rad8
28. Qe5 Qb1+ 29. Kg2 Rxd3 30. Nd4 Bd5+ 0-1

[Event "Kasker 5"]
[Site "http://www.queenalice.com/game.php?id=1786189"]
[Date "2022.4.2"]
[Round "2"]
[White "pickles"]
[Black "Jo_AnnaSummer"]
[Result "0-1"]
[WhiteElo "2603"]
[BlackElo "2421"]

1. e4 c5 2. Nf3 e6 3. d4 cxd4 4. Nxd4 a6 5. c4 Nf6 6. Nc3 Bb4 7. Qd3 d5 8. exd5
exd5 9. Be2 Nc6 10. Nxc6 bxc6 11. O-O O-O 12. cxd5 Nxd5 13. Nxd5 Qxd5 14. Qxd5
cxd5 15. Rd1 Be6 16. Bf3 a5 17. Be3 Rfd8 18. h3 a4 19. a3 Be7 20. Bd4 Rab8 21.
Rac1 Bf6 22. Bxf6 gxf6 23. Rd2 Rb5 24. Rcc2 Rdb8 25. Bg4 Kf8 26. Be2 Rb3 27. Bf3
R3b5 28. g4 Kg7 29. Kg2 h5 30. gxh5 Bf5 31. Rc7 Be6 32. Bg4 Kh6 33. Rc6 Rxb2 34.
Bxe6 Rxd2 35. Bxf7 Rd3 36. Bg6 Rxa3 37. Rxf6 Rab3 38. Ra6 a3 39. h4 Kg7 40. h6+
Kxh6 41. Bc2+ R3b6 42. Rxa3 Rg8+ 43. Kf3 Rc6 44. Bd3 Rf6+ 45. Ke3 Rg4 46. Ra7
d4+ 47. Ke2 Rxh4 48. Rd7 Rff4 49. f3 Rh2+ 50. Ke1 Rb2 51. Be4 Rh4 52. f4 Rxf4
53. Rxd4 Kg5 54. Rd5+ Kf6 55. Bd3 Rh4 56. Rf5+ Ke6 57. Rf6+ Kxf6 0-1

[Event "AUTO-ELITE-2343"]
[Site "http://www.queenalice.com/game.php?id=1786966"]
[Date "2022.4.15"]
[Round "2"]
[White "pickles"]
[Black "Sexxy_Bunny"]
[Result "1/2-1/2"]
[WhiteElo "2603"]
[BlackElo "2820"]

1. d4 Nf6 2. c4 e6 3. Nc3 Bb4 4. Qc2 O-O 5. a3 Bxc3+ 6. Qxc3 b6 7. Bg5 Bb7 8. e3
d6 9. Ne2 Nbd7 10. Qc2 c5 11. Rd1 Qe7 12. Nc3 cxd4 13. Rxd4 Rfd8 14. f3 h6 15.
Bh4 Ne5 16. Be2 Ng6 17. Bf2 d5 18. O-O dxc4 19. Rxd8+ Rxd8 20. Bxc4 Rc8 21. Bd3
Ne5 22. Be2 Nd5 23. Nxd5 exd5 24. Qa4 Qc7 25. Bg3 Qc5 26. Re1 Nc4 27. b4 Qxe3+
28. Bf2 Qe8 29. Qxa7 Qd7 30. Bxc4 dxc4 31. Qxb6 c3 32. Rc1 Rc4 33. Qe3 c2 34.
Qe2 Ba6 35. h4 Qa4 36. Qd3 Rc8 37. Qf5 Rc4 38. Qd3 Rc8 39. Qf5 Rc4 40. Qa5 Qxa5
41. bxa5 Rc6 42. Bd4 g5 43. hxg5 hxg5 44. Kf2 f5 45. g3 Kf7 46. Ke3 Bb5 47. Kd2
Ke6 48. Be3 g4 49. fxg4 fxg4 50. Rxc2 Rxc2+ 51. Kxc2 Kd5 52. Bf4 Ba6 53. Kc3 Kc6
54. Kd4 Bb5 55. Ke5 Ba4 56. Kd4 Kb7 57. Kc5 Bd1 58. Be5 1/2-1/2

[Event "AUTO-ELITE-2343"]
[Site "http://www.queenalice.com/game.php?id=1786967"]
[Date "2022.4.15"]
[Round "2"]
[White "Sexxy_Bunny"]
[Black "pickles"]
[Result "1-0"]
[WhiteElo "2815"]
[BlackElo "2607"]

1. e4 e5 2. Nf3 Nf6 3. Nxe5 d6 4. Nf3 Nxe4 5. d4 d5 6. Bd3 Bd6 7. O-O O-O 8. c4
c6 9. Qc2 Na6 10. a3 Bg4 11. Ne5 Bxe5 12. dxe5 Nac5 13. f3 Nxd3 14. Qxd3 Nc5 15.
Qd4 Nb3 16. Qxg4 Nxa1 17. Bh6 g6 18. Nc3 Qb6+ 19. Rf2 Rfe8 20. Qf4 Qc7 21. Re2
Re6 22. Kf1 d4 23. Qxd4 Nb3 24. Qe3 Qd8 25. Ne4 Qd1+ 26. Kf2 Qd4 27. Qxd4 Nxd4
28. Rd2 Nf5 29. Bf4 Re7 30. g4 Ng7 31. Bg3 b5 32. c5 Kf8 33. Bf4 Kg8 34. Rd6 Rc8
35. Nf6+ Kh8 36. h4 a5 37. h5 gxh5 38. gxh5 Ne8 39. Nxe8 Rexe8 40. Bg5 Kg7 41.
h6+ Kf8 42. Bf6 b4 43. a4 Re6 44. Rd7 Ke8 45. Rb7 Rxf6 46. exf6 Rd8 47. Re7+ Kf8
48. Rc7 Ke8 49. Ke3 Rd5 50. Rxc6 Rh5 51. Kd4 Kd7 52. Ra6 Rxh6 53. Rxa5 Rxf6 54.
Ra7+ Kd8 55. a5 h5 56. Kc4 h4 57. Ra8+ Kd7 58. Kb5 Rxf3 59. a6 Rf1 60. Rh8 1-0

[Event "Challenge"]
[Site "http://www.queenalice.com/game.php?id=1793275"]
[Date "2022.7.26"]
[Round "-"]
[White "Jo_AnnaSummer"]
[Black "pickles"]
[Result "1/2-1/2"]
[WhiteElo "2434"]
[BlackElo "2591"]

1. c4 e5 2. g3 Nf6 3. Bg2 c6 4. Nf3 e4 5. Nd4 d5 6. cxd5 Qxd5 7. e3 Bg4 8. Qc2
Na6 9. Nc3 Nb4 10. Qb1 Nd3+ 11. Qxd3 exd3 12. Nxd5 Nxd5 13. Bxd5 cxd5 14. f3 Bd7
15. b3 Bd6 16. Kf2 f6 17. Bb2 Rc8 18. h4 h5 19. a4 Kf7 20. Rhc1 a5 21. Rxc8 Rxc8
22. Bc3 b6 23. Rh1 Bc5 24. Rg1 Bd6 25. g4 hxg4 26. fxg4 Bh2 27. Rg2 Be5 28. Ke1
Re8 29. g5 Bd6 30. Nf3 Re4 31. gxf6 gxf6 32. Rf2 Ke8 33. Kd1 Bh3 34. Nd4 Be5 35.
Kc1 Rxh4 36. Nf3 Rh5 37. Nxe5 fxe5 38. Rf6 d4 39. exd4 exd4 40. Bxd4 b5 41. Rf4
1/2-1/2